| 000 | 01446cam a22003977a 4500 | ||
|---|---|---|---|
| 003 | CHAP | ||
| 005 | 20220329142948.0 | ||
| 008 | 050428d2000 us r 00110 eng d | ||
| 010 | _a90202 | ||
| 011 | _a91174 | ||
| 020 | _a1560220759 | ||
| 035 | _a101732 | ||
| 040 | _cCHAP | ||
| 082 | 0 | 4 |
_a631.521 _bB3 |
| 100 | 0 | 0 |
_aBasra, Amarjit _eed. _910714 |
| 245 | 1 | 0 |
_aHybrid seed production in vegetables : _brationale and methods in selected crops _c/ed. by Amarjit S. Basra |
| 260 |
_aNew York : _bFood Products Press, _c2000. |
||
| 300 |
_a135 p. : _bilus. |
||
| 500 | _aHybrid seed production in vegetables : ranionale and methods in selected crops has been co-published simultaneously as Journal of New Seed, V.1 no.3/4 1999. | ||
| 590 |
_aBATCH-UPD _b10 _c20130110 _lUCH01 _h0709 |
||
| 590 |
_aBATCH-UPD _b10 _c20130110 _lUCH01 _h2324 |
||
| 590 |
_aBATCH-UPD _b10 _c20130410 _lUCH01 _h0355 |
||
| 590 |
_aBATCH-UPD _b10 _c20130914 _lUCH01 _h0906 |
||
| 590 |
_aCONVERSION _b10 _c20130109 _lUCH01 _h1350 |
||
| 650 | 1 | 4 |
_aCebolla _xSemilla. _920803 |
| 650 | 1 | 4 |
_aChile (Botánica) _xSemilla. _922389 |
| 650 | 1 | 4 |
_aCol _xSemilla. _924498 |
| 650 | 1 | 4 |
_aCucurbitáceas. _929996 |
| 650 | 1 | 4 |
_aLegumbres _xHíbridos. _965729 |
| 650 | 1 | 4 |
_aLegumbres _xSemilla. _965782 |
| 650 | 1 | 4 |
_aSandía _xSemilla. _9102082 |
| 901 | _aBK | ||
| 905 | _aLilia | ||
| 942 | _cLIBRO | ||
| 949 |
_a631.521 B3 _bBC _cLIBRO _d33724000946588 _eLIBRO _gI.c/e _h105543 _i101732 _si _t$350.00 |
||
| 999 |
_c90202 _d90202 |
||